[Event "Portoroz op"]
[Site "Portoroz"]
[Date "2005.04.26"]
[Round "1"]
[White "Benkovic, Petar"]
[Black "Pihler, Damjan"]
[Result "1-0"]
[WhiteElo "2418"]
[BlackElo "1997"]
[PlyCount "65"]
[EventDate "2005.04.26"]
[EventType "swiss"]
[EventRounds "7"]
[EventCountry "SLO"]
[SourceTitle "EXT 2006"]
[Source "ChessBase"]
[SourceDate "2005.11.24"]
[SourceVersion "1"]
[SourceVersionDate "2005.11.24"]
[SourceQuality "1"]

1. Nf3 d5 2. d4 c6 3. c4 Nf6 4. Nbd2 Bf5 5. Nh4 Bg6 6. g3 e6 7. Bg2 Be7 8. 0-0 Nbd7 9. Nxg6 hxg6 10. Qc2 Qb6 11. e3 g5 12. Rb1 g4 13. b4 Qc7 14. e4 dxe4 15. Nxe4 Nxe4 16. Qxe4 Nf6 17. Qe2 a5 18. b5 Rd8 19. Rd1 0-0 20. Bf4 Bd6 21. Bg5 Be7 22. bxc6 bxc6 23. c5 Nd5 24. Bd2 Nf6 25. Qc4 Nd5 26. Qa6 Ra8 27. Qe2 Bf6 28. Bxd5 exd5 29. Qxg4 Rfe8 30. Be3 Ra6 31. Bf4 Qd8 32. Rb8 Qe7 33. Bd6 1-0